La Réponse est un élément chimique - Statistiques

Statistiques générales
  • Ce quiz a été pris 51 244 fois
  • Le résultat moyen est 9 sur 17
Statistiques - réponses
Indice Réponse % Correct
Mais, où, et, donc, __, ni, car Or
99%
Planète la plus proche du soleil Mercure
94%
Le flouze, en argot Argent
81%
Navigateur web de Google Chrome
73%
Le tuba ou la trompette en font partie Cuivre
73%
Appareil de DJ qui fait tourner les disques Platine
70%
On le croise lors d'une bataille Fer
68%
Planète d'origine de Superman Krypton
62%
Lampe utilisée surtout dans les enseignes Néon
59%
Fusibles, on peut les "péter" comme Maître Gims Plomb
57%
"Ennuyer" ou "percer" en anglais Bore
55%
Dans le langage courant, c'est très propre Nickel
53%
État américain, sa capitale est Nashville Tennesse
30%
Album(s) de Jean-Michel Jarre Oxygène
25%
Palme d'or du meilleur film en 2021, par Julia Ducournau Titane
17%
Couleur jaune qui tend vers le vert Soufre
15%
Patronyme fictif de Nicolas Sarkozy (Paul __) Bismuth
12%
Aucun quiz correspondant
Distribution des résultats
% des personnes avec chaque résultat
Percentile par nombre de réponses
Votre historique - résultats
Vous n’avez pas pris ce quiz